Historia de la banda de música `La Paz` de San Juan de Alicante (Record no. 137497)

MARC details
000 -LEADER
campo de control de longitud fija 00593nam a2200169 4500
001 - NÚMERO DE CONTROL
campo de control 137497
003 - IDENTIFICADOR DE NÚMERO DE CONTROL
campo de control ES-MaACL
005 - FECHA Y HORA DE LA ÚLTIMA TRANSACCIÓN
campo de control 20230906195402.0
007 - CAMPO FIJO DE DESCRIPCIÓN FÍSICA--INFORMACIÓN GENERAL
campo de control de longitud fija t|
008 - DATOS DE LONGITUD FIJA--INFORMACIÓN GENERAL
campo de control de longitud fija 070214s1984 sp r ||||1| spa d
100 1# - ENTRADA PRINCIPAL--NOMBRE DE PERSONA
Nombre de persona Sánchez Buades, Manuel.
9 (RLIN) 102509
245 10 - MENCIÓN DEL TÍTULO
Título Historia de la banda de música `La Paz` de San Juan de Alicante
Resto del título : (un centenario fecundo) /
Mención de responsabilidad, etc. Manuel Sánchez Buades.
260 ## - PUBLICACIÓN, DISTRIBUCIÓN, ETC.
Lugar de publicación, distribución, etc. Alicante :
Nombre del editor, distribuidor, etc. Caja de Ahorros Provincial,
Fecha de publicación, distribución, etc. 1984.
300 ## - DESCRIPCIÓN FÍSICA
Extensión 160 p. :
Otras características físicas il. ;
Dimensiones 22 cm.
710 2# - ENTRADA AGREGADA--NOMBRE DE ENTIDAD CORPORATIVA
Nombre de entidad corporativa o nombre de jurisdicción como elemento de entrada Caja de Ahorros Provincial de Alicante.
9 (RLIN) 2280
852 ## - LOCALIZACIÓN
Ubicación ES-MaACL
Número de control de estantería L-6301
Sublocalización o colección R.107088
Holdings
Estatus retirado Estado de pérdida Estado de daño No para préstamo Biblioteca de origen Biblioteca actual Ubicación en estantería Fecha de adquisición Fuente de adquisición Total de préstamos Signatura topográfica completa Código de barras Visto por última vez Precio de reemplazo Tipo de ítem Koha
        Biblioteca del Ateneo de Madrid Biblioteca del Ateneo de Madrid Depósito 2 17/01/2008     L-6301 1143085 23/02/2023 23/02/2023 Libro impreso